000 00653nas a2200241 i 4500
001 2538
003 ES-MaACL
005 20250808232306.0
007 t|
008 950801d19091928sp | | 1 ||pa d
022 _a1699-1907
080 _a36
245 0 0 _aAnuario legislativo de seguros.
260 _a[Madrid] :
_bEdit. Sanmartín,
_c1909-1922.
300 _a4 v. ;
_c22 cm.
310 _aAnual
650 _aLegislación administrativa.
_914074
650 1 4 _aAsistencia social. Seguros.
_910379
650 0 7 _aDerecho de los seguros
_2embne
_911697
852 _aES-MaACL
_jC-6977-81
866 0 _o1920-24.
999 _c2538
_d2538